00506nam a22001577a 450000500170000000800410001702000180005804100130007608200150008910000510010424500650015525000200022026000530024030000300029365000250032320240130103542.0240130b |||||||| |||| 00| 0 eng d a9781485109242 aEnglish  a347.6 SCH  aSchwikkard, PJ and Van der Merwe,SE lEnglish  aPrinciples of Evidence /cPJ Schwikkard and SE Van der Merwe aFourth Edition  aCape Town : bJuta and Company (Pty) Ltd, c2016 bxxv, 749 pages ;c25 cm.  aLegal practice bLaw